000 00999npm a2200229 i 4500
001 5150
003 ES-MaACL
005 20230908131944.0
007 hzrazu bucu
008 900418r19901862xxk a 00010 eng d
080 _a05(421.2 Londres) Cornhill
080 _a05(42)
245 0 4 _aThe Cornhill Magazine
_b: [Microforma].
260 _aMadrid :
_bAteneo Cientifico, Literario y Artistico,
_c1990.
300 _a5 carretes de microfilme :
_bnegativo ;
_c16 mm.
500 _aPublicado originalmente: London, Smith, Elder and Co., 1862-1869, periodicidad mensual.
505 8 _aCarrete n. 1: 1862 a 1863 (abr., p.552) -- Carrete n. 2: 1863 (may., p.553) a 1864 (oct., p.512) -- Carrete n. 3: 1864 (nov., p.513) a 1867 (abr., p.456) -- Carrete n. 4: 1867 (abr., p.457) a 1868 (agos., p.256) -- Carrete n. 5: 1868 (sept., 257) a 1869
650 1 4 _aObras de 1800.
_915662
852 _aES-MaACL
_jMC-128-132
_95267
_cDEPO1
942 _2udc
_cMICROFORMA
999 _c5150
_d5150